| 000 | 00964cad a22002295a 4500 | ||
|---|---|---|---|
| 001 | L150637 | ||
| 008 | 100805s2008 xxk f 000 0 eng d | ||
| 020 | _a9780717662951 | ||
| 035 | _a(Sirsi) u150637 | ||
| 041 | 0 | _aeng | |
| 110 | 2 |
_aGreat Britain _bHealth and Safety Executive |
|
| 245 | 0 | 0 |
_aSafe use of work equipment _bprovision and use of Work Equipment Regulations 1998, approved code of practice and guidance _h[electronic resource] |
| 250 | _a3rd ed. | ||
| 260 |
_a[S.l.] _bHSE _c2008 |
||
| 490 | 0 |
_aHSE Health and Safety Guidance _v(L22) |
|
| 520 | _aDocument on the Provision and use of the Work Equipment Regulations 1998 (PUWER 1998). These Regulations deal with providing and using work equipment | ||
| 650 | 2 | 4 | _aWORK EQUIPMENT REGULATIONS 1998 |
| 651 | 4 |
_aGreat Britain _y1707- |
|
| 690 |
_aHealth and safety _96244 |
||
| 856 | 4 | 0 |
_uhttps://www.hse.gov.uk/pubns/priced/l22.pdf _zView the guidance free of charge at www.hse.gov.uk |
| 942 | _n0 | ||
| 999 |
_c110930 _d110930 |
||